000 01065cam a22001934a 4500
005 20250605164017.0
008 250528s ||||||||||||||||||||||||d
035 _a16203
020 _a6816217
040 _aGR-AtMCL
_bgre
_dGR-AtMCL
_eAACR2
245 1 _aThe Double Helix / A Personal Account of the Discovery of the Structure of DNA
260 _bAtheneum,
_c1968
300 _a240
520 _aA rare and valuable document telling with no holds barred how scientists really work in making a great discovery. Crick and Watson along the Backs Francis in the Cavendish, World Wide Photos, The Microbial Genetics Meeting, Linus Pauling, X-ray Diffraction Photograph of DNA, In Paris, The Meeting at Royal Mint, In the Italian Alps, Early Ideas on the DNA-RNA Protein Relation, X-Ray Diffraction Photograph of DNA, Original Model of the Double Helix, Warson and Crick in Front of the Model, Morning Coffee in the Cavendish, Letter to Max Delbruck, In Stockholm, Diagrams.
700 1 _aWatson James D
_92278
942 _cBK
999 _c1734
_d1734